[Event "EU-Cup 19th"]
[Site "Rethymnon"]
[Date "2003.09.30"]
[Round "3.5"]
[White "Kharlov, Andrei"]
[Black "Izoria, Zviad"]
[Result "1-0"]
[WhiteElo "2591"]
[BlackElo "2541"]
[PlyCount "73"]
[EventDate "2003.09.28"]
[EventType "team-swiss"]
[EventRounds "7"]
[EventCountry "GRE"]
[SourceTitle "CBM 098"]
[Source "ChessBase"]
[SourceDate "2004.02.03"]
[SourceVersion "1"]
[SourceVersionDate "2004.02.03"]
[SourceQuality "1"]
[WhiteTeam "Kazan Ladya"]
[BlackTeam "Tbilisi"]
[WhiteTeamCountry "RUS"]
[BlackTeamCountry "GEO"]

1. Nf3 Nf6 2. c4 e6 3. g3 d5 4. Bg2 dxc4 5. Qa4+ c6 6. Qxc4 b5 7. Qc2 Bb7 8.
O-O Nbd7 9. b3 Rc8 10. Bb2 Be7 11. d3 O-O 12. Nbd2 c5 13. a3 Qb6 14. Rac1 Rfd8
15. Qb1 a6 16. Qa1 Bf8 17. Rc2 Qa7 18. Rfc1 Qa8 19. e4 Be7 20. a4 c4 21. bxc4
Nc5 22. cxb5 Nxd3 23. Rxc8 Bxc8 24. Rc7 Rd7 25. Rxd7 Bxd7 26. Ba3 Nc5 27. b6
Qc6 28. a5 Qa4 29. Bb2 Qc2 30. Bd4 Bc6 31. Be3 Bb7 32. Nd4 Qa4 33. Qxa4 Nxa4
34. N4b3 Kf8 35. Bd4 Ke8 36. f3 Nd7 37. Nc4 1-0

[Event "EU-Cup 19th"]
[Site "Rethymnon"]
[Date "2003.10.01"]
[Round "4.5"]
[White "Lugovoi, Aleksei"]
[Black "Kharlov, Andrei"]
[Result "0-1"]
[WhiteElo "2566"]
[BlackElo "2591"]
[PlyCount "114"]
[EventDate "2003.09.28"]
[EventType "team-swiss"]
[EventRounds "7"]
[EventCountry "GRE"]
[SourceTitle "CBM 098"]
[Source "ChessBase"]
[SourceDate "2004.02.03"]
[SourceVersion "1"]
[SourceVersionDate "2004.02.03"]
[SourceQuality "1"]
[WhiteTeam "Sankt Petersburg"]
[BlackTeam "Kazan Ladya"]
[WhiteTeamCountry "RUS"]
[BlackTeamCountry "RUS"]

1. d4 d5 2. c4 dxc4 3. e4 Nc6 4. Nf3 Bg4 5. d5 Ne5 6. Bf4 Ng6 7. Be3 e5 8. Bxc4
a6 9. O-O Nf6 10. Be2 Bd6 11. Nc3 O-O 12. Nd2 Bd7 13. a3 Qe7 14. Rc1 b5 15. Nb3
Nf4 16. Bf3 g5 17. Na5 g4 18. Be2 Nxe2+ 19. Qxe2 Nh5 20. Nc6 Qf6 21. b4 Rfe8
22. a4 bxa4 23. Nxa4 Qg6 24. Bc5 Nf4 25. Qe3 Bxc6 26. dxc6 Rad8 27. Nb2 Bxc5
28. Rxc5 Rd4 29. Re1 Rxb4 30. Nc4 f6 31. Qd2 Rb1 32. Rd1 Qxe4 33. Ne3 Rxd1+ 34.
Qxd1 h5 35. h3 Rb8 36. Kh2 g3+ 37. Kxg3 Ne6 38. Rc4 Nd4 39. Kh2 Rb1 40. Rc1
Qf4+ 41. Kh1 Rxc1 42. Qxc1 Qxf2 43. Nd5 e4 44. Qh6 Ne2 45. Qg6+ Kf8 46. Qh6+
Ke8 47. Qxh5+ Kf8 48. Qh6+ Kf7 49. Qh7+ Ke6 50. Nxc7+ Ke5 51. Qe7+ Kf5 52. Qh7+
Kf4 53. Ne6+ Ke5 54. Qc7+ Kxe6 55. Qd7+ Ke5 56. Qe7+ Kf5 57. Qh7+ Kg5 0-1

[Event "EU-Cup 19th"]
[Site "Rethymnon"]
[Date "2003.10.02"]
[Round "5.5"]
[White "Kharlov, Andrei"]
[Black "Vallejo Pons, Francisco"]
[Result "1/2-1/2"]
[WhiteElo "2591"]
[BlackElo "2662"]
[PlyCount "136"]
[EventDate "2003.09.28"]
[EventType "team-swiss"]
[EventRounds "7"]
[EventCountry "GRE"]
[SourceTitle "CBM 098"]
[Source "ChessBase"]
[SourceDate "2004.02.03"]
[SourceVersion "1"]
[SourceVersionDate "2004.02.03"]
[SourceQuality "1"]
[WhiteTeam "Kazan Ladya"]
[BlackTeam "Paris NAO"]
[WhiteTeamCountry "RUS"]
[BlackTeamCountry "FRA"]

1. c4 e5 2. g3 Nc6 3. Bg2 Bc5 4. e3 d6 5. a3 a6 6. Ne2 Ba7 7. Nbc3 Nge7 8. b4
O-O 9. O-O Be6 10. Nd5 Qd7 11. Nec3 Rae8 12. Bb2 Nd8 13. d4 exd4 14. exd4 Nxd5
15. Nxd5 c6 16. Ne3 Bh3 17. Re1 Bxg2 18. Nxg2 Rxe1+ 19. Qxe1 Re8 20. Qd2 d5 21.
c5 Bb8 22. Re1 Bc7 23. Qd3 Rxe1+ 24. Nxe1 Qg4 25. Bc1 Ne6 26. Be3 f5 27. f3 Qg6
28. Ng2 Qf6 29. Kf1 g5 30. Bf2 h5 31. a4 f4 32. gxf4 Bxf4 33. Kg1 h4 34. Ne1
Bc7 35. Be3 h3 36. b5 axb5 37. axb5 Ba5 38. bxc6 bxc6 39. Kf1 g4 40. Bf2 Bxe1
41. Kxe1 gxf3 42. Qa6 Ng5 43. Qc8+ Kf7 44. Be3 Ne4 45. Qxh3 Ke7 46. Kf1 Kd8 47.
Qg4 Ke7 48. h4 Qf7 49. Bf4 Qf6 50. h5 f2 51. Be3 Kf7 52. h6 Qg6 53. Qf4+ Kg8
54. Bxf2 Kh7 55. Be3 Ng3+ 56. Ke1 Nf5 57. Qc7+ Kh8 58. Kd2 Nxe3 59. Qe5+ Kh7
60. Kxe3 Qxh6+ 61. Kf3 Kg8 62. Kg4 Qg6+ 63. Kf4 Qh6+ 64. Kf5 Kf7 65. Qc7+ Ke8
66. Qb7 Qh5+ 67. Ke6 Qh6+ 68. Ke5 Qh2+ 1/2-1/2

[Event "EU-Cup 19th"]
[Site "Rethymnon"]
[Date "2003.10.03"]
[Round "6.5"]
[White "Golod, Vitali"]
[Black "Kharlov, Andrei"]
[Result "1/2-1/2"]
[WhiteElo "2555"]
[BlackElo "2591"]
[PlyCount "82"]
[EventDate "2003.09.28"]
[EventType "team-swiss"]
[EventRounds "7"]
[EventCountry "GRE"]
[SourceTitle "CBM 098"]
[Source "ChessBase"]
[SourceDate "2004.02.03"]
[SourceVersion "1"]
[SourceVersionDate "2004.02.03"]
[SourceQuality "1"]
[WhiteTeam "Beer Sheva"]
[BlackTeam "Kazan Ladya"]
[WhiteTeamCountry "ISR"]
[BlackTeamCountry "RUS"]

1. d4 d5 2. c4 dxc4 3. Nf3 e6 4. e3 c5 5. Bxc4 a6 6. O-O Nf6 7. dxc5 Qxd1 8.
Rxd1 Bxc5 9. Nbd2 O-O 10. Be2 Rd8 11. Ne5 Be7 12. Bf3 Nbd7 13. Nxd7 Nxd7 14.
Nc4 Rb8 15. b3 b6 16. Ba3 Bxa3 17. Nxa3 Bb7 18. Bxb7 Rxb7 19. Rd6 Rc8 20. Rad1
Kf8 21. Nc4 Rcc7 22. f3 Ke7 23. R6d2 f6 24. Kf2 Rc6 25. Nd6 Rbc7 26. Nc8+ Kd8
27. Nd6 Rc2 28. Nc4 Rxd2+ 29. Rxd2 Ke7 30. Ke2 h5 31. Rc2 Rc5 32. e4 Ne5 33.
Ne3 Kd6 34. Rd2+ Kc7 35. Rc2 Kc6 36. Kd2 h4 37. f4 Nd7 38. b4 Rxc2+ 39. Kxc2 a5
40. a3 g5 41. g3 hxg3 1/2-1/2

[Event "RUS-Cup 300 years"]
[Site "St Petersburg"]
[Date "2003.10.18"]
[Round "1"]
[White "Maiorov, Nikita"]
[Black "Kharlov, Andrei"]
[Result "0-1"]
[WhiteElo "2415"]
[BlackElo "2591"]
[PlyCount "164"]
[EventDate "2003.10.18"]
[EventType "swiss"]
[EventRounds "9"]
[EventCountry "RUS"]
[SourceTitle "EXT 2004"]
[Source "ChessBase"]
[SourceDate "2003.11.25"]
[SourceVersion "1"]
[SourceVersionDate "2003.11.25"]
[SourceQuality "1"]

1. d4 d5 2. c4 e6 3. Nf3 Nf6 4. Nc3 dxc4 5. e4 Bb4 6. Bg5 c5 7. Bxc4 cxd4 8.
Nxd4 Nbd7 9. Ndb5 O-O 10. a3 Be7 11. O-O a6 12. Nd4 Ne5 13. Be2 Bd7 14. Bf4 Ng6
15. Be3 Qb8 16. g3 Rc8 17. Nb3 b5 18. f4 Bc6 19. e5 Nd5 20. Nxd5 Bxd5 21. Bf3
Rd8 22. Bxd5 Rxd5 23. Qc2 Bd8 24. Qc6 Rd3 25. Qe8+ Nf8 26. Bc5 Bc7 27. Qxb8
Rxb8 28. Nc1 Rd5 29. Nb3 Rd3 30. Nc1 Rd2 31. Rf2 Rd5 32. Rc2 g5 33. Kg2 Ng6 34.
Bf2 Bb6 35. Bxb6 Rxb6 36. Ne2 gxf4 37. gxf4 b4 38. Kf2 Rd3 39. axb4 Rxb4 40.
Rg1 Rdb3 41. Rc3 Rxb2 42. Ke3 Rb8 43. h4 Kf8 44. h5 Ne7 45. Kf3 Nd5 46. Ra3
R8b3+ 47. Rxb3 Rxb3+ 48. Kf2 h6 49. Ra1 Nb4 50. Ra4 Nd3+ 51. Kg2 Rb4 52. Rxb4
Nxb4 53. Kf3 a5 54. Nc3 Nd5 55. Na4 Ne7 56. Nc5 Nf5 57. Kg4 Ke7 58. Kf3 Kf8 59.
Na4 Ke8 60. Nc5 Ke7 61. Kg4 Nd4 62. Kg3 Ne2+ 63. Kg4 Nc3 64. f5 a4 65. fxe6
fxe6 66. Kf3 a3 67. Ke3 a2 68. Nb3 Nd5+ 69. Kd2 Nf4 70. Kc2 Nxh5 71. Kb2 Nf4
72. Nc5 h5 73. Kxa2 h4 74. Kb1 Kf7 75. Kc2 Kg6 76. Kd2 h3 77. Ne4 h2 78. Ng3
Kg5 79. Ke3 Kg4 80. Nh1 Ng6 81. Kf2 Kh3 82. Kf1 Nxe5 0-1

[Event "RUS-Cup 300 years"]
[Site "St Petersburg"]
[Date "2003.10.19"]
[Round "2"]
[White "Kharlov, Andrei"]
[Black "Yandemirov, Valeri"]
[Result "1/2-1/2"]
[WhiteElo "2591"]
[BlackElo "2483"]
[PlyCount "119"]
[EventDate "2003.10.18"]
[EventType "swiss"]
[EventRounds "9"]
[EventCountry "RUS"]
[SourceTitle "EXT 2004"]
[Source "ChessBase"]
[SourceDate "2003.11.25"]
[SourceVersion "1"]
[SourceVersionDate "2003.11.25"]
[SourceQuality "1"]

1. d4 Nf6 2. c4 g6 3. Nc3 d5 4. Bf4 Bg7 5. e3 c6 6. Nf3 O-O 7. h3 Qa5 8. Rc1
Nbd7 9. Be2 dxc4 10. Bxc4 Nb6 11. Bb3 Nfd5 12. Bg5 c5 13. O-O cxd4 14. exd4
Nxc3 15. Rxc3 e6 16. Qd2 Bd7 17. Ne5 Ba4 18. Nxf7 Bxb3 19. axb3 Nd5 20. Nh6+
Kh8 21. Rd3 Qxd2 22. Rxd2 Rac8 23. Ng4 Rc6 24. Ne3 Rb6 25. Nxd5 exd5 26. Rd3
Rc8 27. Re1 Kg8 28. Re7 h6 29. Bf4 Rc2 30. Be5 Bf6 31. Rd7 Re6 32. Rxd5 Rxb2
33. Rf3 Bxe5 34. Rd8+ Kg7 35. Rd7+ Kg8 36. dxe5 Rxe5 37. Rxb7 Rf5 38. Rxf5 gxf5
39. f4 a6 40. Kh2 Rb1 41. Kg3 Rb2 42. Kh4 Rxg2 43. Kh5 Rg3 44. Kxh6 a5 45. Rb5
Rxh3+ 46. Kg6 Rg3+ 47. Kxf5 Rc3 48. Ke5 Kf7 49. f5 Re3+ 50. Kd4 Rf3 51. Kc5
Rxf5+ 52. Kb6 Rf3 53. Kxa5 Ke6 54. Kb6 Kd6 55. b4 Rb3 56. Kb7 Rb2 57. Rb6+ Kd5
58. b5 Rb4 59. Ka6 Ra4+ 60. Kb7 1/2-1/2

[Event "RUS-Cup 300 years"]
[Site "St Petersburg"]
[Date "2003.10.20"]
[Round "3"]
[White "Skatchkov, Pavel"]
[Black "Kharlov, Andrei"]
[Result "1/2-1/2"]
[WhiteElo "2495"]
[BlackElo "2591"]
[PlyCount "20"]
[EventDate "2003.10.18"]
[EventType "swiss"]
[EventRounds "9"]
[EventCountry "RUS"]
[SourceTitle "EXT 2004"]
[Source "ChessBase"]
[SourceDate "2003.11.25"]
[SourceVersion "1"]
[SourceVersionDate "2003.11.25"]
[SourceQuality "1"]

1. d4 d5 2. Nf3 Nf6 3. g3 Bf5 4. Bg2 e6 5. O-O Nbd7 6. c4 c6 7. b3 Bd6 8. Nc3
Ne4 9. Bb2 Nxc3 10. Bxc3 Be4 1/2-1/2

[Event "RUS-Cup 300 years"]
[Site "St Petersburg"]
[Date "2003.10.21"]
[Round "4"]
[White "Kharlov, Andrei"]
[Black "Kosintseva, Tatiana"]
[Result "1/2-1/2"]
[WhiteElo "2591"]
[BlackElo "2449"]
[PlyCount "101"]
[EventDate "2003.10.18"]
[EventType "swiss"]
[EventRounds "9"]
[EventCountry "RUS"]
[SourceTitle "EXT 2004"]
[Source "ChessBase"]
[SourceDate "2003.11.25"]
[SourceVersion "1"]
[SourceVersionDate "2003.11.25"]
[SourceQuality "1"]

1. d4 Nf6 2. Nf3 d5 3. c4 e6 4. Nc3 dxc4 5. e4 c5 6. d5 exd5 7. e5 Ne4 8. Nxe4
dxe4 9. Qxd8+ Kxd8 10. Ng5 Be6 11. Nxe6+ fxe6 12. Bxc4 Nc6 13. Bf4 Kc7 14.
O-O-O Be7 15. Rhe1 g5 16. Bg3 h5 17. h3 h4 18. Bh2 Rhf8 19. Bxe6 Rxf2 20. Rd7+
Kb6 21. Re3 Rf1+ 22. Kd2 c4 23. Bxc4 Rh1 24. Rb3+ Bb4+ 25. Ke3 Rxh2 26. a3 Rxg2
27. Kxe4 Re8 28. e6 Kc5 29. Bf1 Rxe6+ 30. Kf5 Re5+ 31. Kg6 Rg3 32. axb4+ Nxb4
33. Rxg3 hxg3 34. Rxb7 a6 35. Rc7+ Kd4 36. Rc4+ Ke3 37. Rxb4 Kf2 38. Bxa6 g2
39. Rg4 Re6+ 40. Kxg5 Rxa6 41. h4 Ra5+ 42. Kg6 Ra6+ 43. Kg7 Ra7+ 44. Kg6 Ra4
45. Rxg2+ Kxg2 46. h5 Kf3 47. h6 Ra6+ 48. Kg7 Ra7+ 49. Kg8 Ra8+ 50. Kg7 Ra7+
51. Kg8 1/2-1/2

[Event "RUS-Cup 300 years"]
[Site "St Petersburg"]
[Date "2003.10.22"]
[Round "5"]
[White "Frolyanov, Dmitry"]
[Black "Kharlov, Andrei"]
[Result "1/2-1/2"]
[WhiteElo "2482"]
[BlackElo "2591"]
[PlyCount "80"]
[EventDate "2003.10.18"]
[EventType "swiss"]
[EventRounds "9"]
[EventCountry "RUS"]
[SourceTitle "EXT 2004"]
[Source "ChessBase"]
[SourceDate "2003.11.25"]
[SourceVersion "1"]
[SourceVersionDate "2003.11.25"]
[SourceQuality "1"]

1. e4 e5 2. Nf3 Nc6 3. Bb5 Nf6 4. O-O Nxe4 5. d4 Nd6 6. Bxc6 dxc6 7. dxe5 Nf5
8. Qxd8+ Kxd8 9. Nc3 Be6 10. b3 Bb4 11. Bb2 Bxc3 12. Bxc3 c5 13. Rad1+ Kc8 14.
Ng5 h5 15. h3 b6 16. g4 Ne7 17. Nxe6 fxe6 18. Kg2 Kb7 19. Bd2 hxg4 20. hxg4 Rh4
21. f3 Rah8 22. Rh1 Rxh1 23. Rxh1 Rxh1 24. Kxh1 b5 25. Kg2 Kc6 26. c4 Nc8 27.
cxb5+ Kxb5 28. f4 Ne7 29. Kf3 c4 30. Ke4 cxb3 31. axb3 g6 32. Be1 c5 33. Bh4
Nc6 34. f5 gxf5+ 35. gxf5 exf5+ 36. Kxf5 Kb4 37. Bf2 a5 38. e6 c4 39. bxc4 a4
40. Bh4 Kxc4 1/2-1/2

[Event "RUS-Cup 300 years"]
[Site "St Petersburg"]
[Date "2003.10.23"]
[Round "6"]
[White "Kharlov, Andrei"]
[Black "Anisimov, Pavel"]
[Result "1/2-1/2"]
[WhiteElo "2591"]
[BlackElo "2445"]
[PlyCount "100"]
[EventDate "2003.10.18"]
[EventType "swiss"]
[EventRounds "9"]
[EventCountry "RUS"]
[SourceTitle "EXT 2004"]
[Source "ChessBase"]
[SourceDate "2003.11.25"]
[SourceVersion "1"]
[SourceVersionDate "2003.11.25"]
[SourceQuality "1"]

1. d4 d5 2. Nf3 Nf6 3. c4 dxc4 4. e3 e6 5. Bxc4 a6 6. O-O c5 7. dxc5 Bxc5 8.
Qxd8+ Kxd8 9. Nbd2 Ke7 10. Be2 Bd7 11. Nb3 Bb6 12. Ne5 Bb5 13. Nc4 Bxc4 14.
Bxc4 Nc6 15. Be2 Rhd8 16. Bf3 Rac8 17. Bd2 Nd5 18. Rfc1 Ne5 19. Be2 f5 20. Kf1
h6 21. Rxc8 Rxc8 22. Rc1 Rxc1+ 23. Nxc1 Kd6 24. Nb3 Nd7 25. g4 N7f6 26. gxf5
exf5 27. Bd3 g6 28. Na5 Bxa5 29. Bxa5 Ng4 30. Kg2 Ne5 31. Be2 Kc5 32. a3 b5 33.
b3 Kd6 34. Bd2 Nd7 35. Bd3 Nc5 36. Bc2 Ke5 37. f4+ Ke6 38. Kf3 Nf6 39. Bb4 Nfe4
40. h4 Kf6 41. Bxc5 Nxc5 42. b4 Nb7 43. a4 Nd8 44. axb5 axb5 45. e4 Nc6 46. e5+
Ke6 47. Bd3 g5 48. Kg3 Nxb4 49. hxg5 hxg5 50. Bxb5 gxf4+ 1/2-1/2

[Event "RUS-Cup 300 years"]
[Site "St Petersburg"]
[Date "2003.10.24"]
[Round "7"]
[White "Iljin, Artem"]
[Black "Kharlov, Andrei"]
[Result "0-1"]
[WhiteElo "2473"]
[BlackElo "2591"]
[PlyCount "84"]
[EventDate "2003.10.18"]
[EventType "swiss"]
[EventRounds "9"]
[EventCountry "RUS"]
[SourceTitle "EXT 2004"]
[Source "ChessBase"]
[SourceDate "2003.11.25"]
[SourceVersion "1"]
[SourceVersionDate "2003.11.25"]
[SourceQuality "1"]

1. c4 Nf6 2. Nf3 e6 3. g3 d5 4. Bg2 dxc4 5. Qa4+ Nbd7 6. Qxc4 c5 7. O-O Rb8 8.
Nc3 a6 9. a4 b6 10. Rd1 Bb7 11. e4 Rc8 12. Qe2 e5 13. d3 Bd6 14. Nd2 h6 15. Nc4
Bc7 16. f4 O-O 17. Bh3 Ra8 18. Be3 Bc6 19. Qf2 Re8 20. Rf1 exf4 21. gxf4 Nf8
22. Rad1 b5 23. axb5 axb5 24. Ne5 Bxe5 25. fxe5 Rxe5 26. Bxc5 Rg5+ 27. Kh1 Rh5
28. Bg4 Rxh2+ 29. Qxh2 Nxg4 30. Qg3 Qg5 31. Bg1 Ng6 32. Ne2 Rd8 33. Nf4 Bxe4+
34. dxe4 Rxd1 35. Rxd1 Nxf4 36. Bh2 Nh5 37. Qg2 Qh4 38. Rc1 Nf4 39. Qd2 Nf2+
40. Kg1 N4h3+ 41. Kf1 Qxe4 42. Qc2 Nd3 0-1

[Event "RUS-Cup 300 years"]
[Site "St Petersburg"]
[Date "2003.10.25"]
[Round "8"]
[White "Kharlov, Andrei"]
[Black "Klimov, Sergey"]
[Result "1/2-1/2"]
[WhiteElo "2591"]
[BlackElo "2512"]
[PlyCount "75"]
[EventDate "2003.10.18"]
[EventType "swiss"]
[EventRounds "9"]
[EventCountry "RUS"]
[SourceTitle "EXT 2004"]
[Source "ChessBase"]
[SourceDate "2003.11.25"]
[SourceVersion "1"]
[SourceVersionDate "2003.11.25"]
[SourceQuality "1"]

1. c4 Nf6 2. Nc3 g6 3. g3 Bg7 4. Bg2 O-O 5. d4 d6 6. e3 Nbd7 7. Nge2 e5 8. O-O
Re8 9. Qc2 h5 10. h3 a6 11. Bd2 Rb8 12. b3 c6 13. d5 cxd5 14. cxd5 b5 15. e4
Nc5 16. b4 Ncd7 17. a4 bxa4 18. Nxa4 Nb6 19. Nxb6 Qxb6 20. Be3 Qb7 21. Rfb1 Bd7
22. Qa2 Ra8 23. Nc3 Reb8 24. Kh2 Ne8 25. Bf1 Nc7 26. Na4 Nb5 27. Nb6 Nc3 28.
Qa5 Nxb1 29. Rxb1 Bf6 30. Nxa8 Rxa8 31. Qb6 Qxb6 32. Bxb6 Bb5 33. Bxb5 axb5 34.
Rc1 Kf8 35. Rc7 Ke8 36. Ba7 Bg5 37. Rb7 Bd2 38. Kg2 1/2-1/2

[Event "RUS-Cup 300 years"]
[Site "St Petersburg"]
[Date "2003.10.26"]
[Round "9"]
[White "Sambuev, Bator"]
[Black "Kharlov, Andrei"]
[Result "0-1"]
[WhiteElo "2507"]
[BlackElo "2591"]
[PlyCount "132"]
[EventDate "2003.10.18"]
[EventType "swiss"]
[EventRounds "9"]
[EventCountry "RUS"]
[SourceTitle "EXT 2004"]
[Source "ChessBase"]
[SourceDate "2003.11.25"]
[SourceVersion "1"]
[SourceVersionDate "2003.11.25"]
[SourceQuality "1"]

1. Nf3 d5 2. c4 e6 3. b3 Be7 4. Bb2 Bf6 5. Bxf6 Nxf6 6. g3 dxc4 7. bxc4 b6 8.
Bg2 Bb7 9. O-O O-O 10. a4 Nc6 11. d3 Qe7 12. Nc3 Na5 13. Qc2 Rad8 14. Rfd1 h6
15. Nb5 c6 16. Nbd4 c5 17. Nb3 Nc6 18. a5 e5 19. axb6 axb6 20. Qb2 e4 21. dxe4
Nxe4 22. Rd3 Nb4 23. Re3 Qf6 24. Qxf6 Nxf6 25. Re7 Bc8 26. Nbd2 Be6 27. Rb7 Rd6
28. e4 Nd7 29. Bf1 Rd8 30. Kg2 Nf8 31. Nb3 Bc8 32. Rba7 Nc6 33. Ra8 Ne6 34. Ne1
Ng5 35. f3 Na5 36. R8xa5 bxa5 37. Kf2 Rd1 38. Rxd1 Rxd1 39. Nxa5 Rd2+ 40. Be2
Ne6 41. Nb3 Rb2 42. Nc1 Nd4 43. Ned3 Rc2 44. Ke3 Nxe2 45. Nxe2 Rxc4 46. h4 Ba6
47. Nef4 Rc2 48. Ne5 Rc3+ 49. Kf2 Ra3 50. Nd7 c4 51. Nd5 c3 52. Ke3 c2+ 53. Kd2
Rxf3 54. Ne7+ Kh7 55. Nf8+ Kh8 56. Kxc2 Bd3+ 57. Kc3 Bxe4+ 58. Kd4 Bb1 59. Ke5
Re3+ 60. Kd6 Rxg3 61. Nd7 Rd3+ 62. Kc7 Re3 63. Kd8 g5 64. hxg5 hxg5 65. Nf6 Re6
66. Ng4 f5 0-1

[Event "EU-ch Internet qual"]
[Site "playchess.com INT"]
[Date "2003.11.08"]
[Round "1"]
[White "Kharlov, Andrei"]
[Black "Schoeneberg, Manfred"]
[Result "1-0"]
[WhiteElo "2591"]
[BlackElo "2334"]
[PlyCount "29"]
[EventDate "2003.11.08"]
[EventType "swiss (blitz)"]
[EventRounds "15"]
[EventCountry "GER"]
[SourceTitle "EXT 2004"]
[Source "ChessBase"]
[SourceDate "2003.11.25"]
[SourceVersion "1"]
[SourceVersionDate "2003.11.25"]
[SourceQuality "1"]

1. e4 c5 2. c3 Nf6 3. e5 Nd5 4. d4 cxd4 5. Nf3 e6 6. cxd4 b6 7. a3 Bb7 8. Bd3
d6 9. O-O Nd7 10. Nbd2 dxe5 11. Nxe5 Nxe5 12. dxe5 Ne3 13. Bb5+ Ke7 14. fxe3
Qd5 15. Qf3 1-0

[Event "EU-ch Internet qual"]
[Site "playchess.com INT"]
[Date "2003.11.08"]
[Round "2"]
[White "Kharlov, Andrei"]
[Black "Szyszylo, Rafal"]
[Result "1-0"]
[WhiteElo "2591"]
[BlackElo "2218"]
[PlyCount "75"]
[EventDate "2003.11.08"]
[EventType "swiss (blitz)"]
[EventRounds "15"]
[EventCountry "GER"]
[SourceTitle "EXT 2004"]
[Source "ChessBase"]
[SourceDate "2003.11.25"]
[SourceVersion "1"]
[SourceVersionDate "2003.11.25"]
[SourceQuality "1"]

1. e4 g6 2. d4 Bg7 3. c3 d6 4. Nf3 Nf6 5. Bd3 O-O 6. O-O Nc6 7. Bg5 h6 8. Bh4
e5 9. Nbd2 g5 10. Bg3 g4 11. Nh4 exd4 12. cxd4 Nxd4 13. Nc4 b5 14. Ne3 c5 15.
Rc1 Be6 16. e5 dxe5 17. Bxe5 Rc8 18. Nhf5 Nxf5 19. Bxf5 Bxf5 20. Nxf5 Qxd1 21.
Rfxd1 c4 22. Ne7+ Kh7 23. Nxc8 Rxc8 24. Kf1 Kg6 25. Rd6 Kf5 26. Bc3 Re8 27. Re1
Re6 28. Rexe6 fxe6 29. Ra6 Bf8 30. Rxa7 Nd5 31. Rf7+ Ke4 32. Rxf8 b4 33. Bg7 h5
34. Re8 Kd3 35. Rxe6 c3 36. bxc3 bxc3 37. Rd6 Kc4 38. Rxd5 1-0

[Event "EU-ch Internet qual"]
[Site "playchess.com INT"]
[Date "2003.11.08"]
[Round "3"]
[White "Maki Uuro, Miika"]
[Black "Kharlov, Andrei"]
[Result "0-1"]
[WhiteElo "2391"]
[BlackElo "2591"]
[PlyCount "138"]
[EventDate "2003.11.08"]
[EventType "swiss (blitz)"]
[EventRounds "15"]
[EventCountry "GER"]
[SourceTitle "EXT 2004"]
[Source "ChessBase"]
[SourceDate "2003.11.25"]
[SourceVersion "1"]
[SourceVersionDate "2003.11.25"]
[SourceQuality "1"]

1. d4 d5 2. Nf3 Nf6 3. c4 e6 4. e3 c5 5. Nc3 a6 6. cxd5 exd5 7. dxc5 Bxc5 8.
Be2 Nc6 9. O-O O-O 10. b3 d4 11. exd4 Nxd4 12. Nxd4 Bxd4 13. Bb2 Bf5 14. Na4
Bxb2 15. Nxb2 Rc8 16. Nc4 Be4 17. Nd6 Bc2 18. Qd2 Rc6 19. Nc4 Qxd2 20. Nxd2 Rd8
21. Nc4 b5 22. Ne3 Rd2 23. Bf3 Be4 24. Bxe4 Nxe4 25. Rfd1 Rxd1+ 26. Rxd1 g6 27.
Nd5 Kg7 28. Nb4 Re6 29. h3 a5 30. Nd5 Rd6 31. Ne3 Rxd1+ 32. Nxd1 Kf6 33. f3 Nd6
34. Kf2 Ke5 35. Ke3 Nf5+ 36. Kd3 Nh4 37. Nc3 Nxg2 38. Nxb5 Nf4+ 39. Ke3 Nxh3
40. Na3 h5 41. Nc4+ Kd5 42. Nxa5 h4 43. b4 g5 44. b5 Kc5 45. a4 Nf4 46. Nb3+
Kb4 47. b6 Nd5+ 48. Kf2 Nxb6 49. a5 Nd7 50. Nd4 Kxa5 51. f4 g4 52. Nf5 h3 53.
Kg3 Nf6 54. Nd6 Nh5+ 55. Kh2 f6 56. Ne4 f5 57. Nd6 Ng7 58. Kg3 Kb4 59. Nf7 Kc5
60. Nh6 Kd4 61. Nf7 Ke3 62. Nd6 Nh5+ 63. Kh2 Kxf4 64. Kg1 g3 65. Nc4 Nf6 66.
Nd2 Ne4 67. Nb3 Nf2 68. Nd4 h2+ 69. Kg2 h1=Q# 0-1

[Event "EU-ch Internet qual"]
[Site "playchess.com INT"]
[Date "2003.11.08"]
[Round "4"]
[White "Kharlov, Andrei"]
[Black "Volkov, Sergey"]
[Result "1-0"]
[WhiteElo "2591"]
[BlackElo "2620"]
[PlyCount "79"]
[EventDate "2003.11.08"]
[EventType "swiss (blitz)"]
[EventRounds "15"]
[EventCountry "GER"]
[SourceTitle "EXT 2004"]
[Source "ChessBase"]
[SourceDate "2003.11.25"]
[SourceVersion "1"]
[SourceVersionDate "2003.11.25"]
[SourceQuality "1"]

1. d4 d5 2. Nf3 c6 3. c4 Nf6 4. Qb3 e6 5. g3 Bd6 6. Bg2 O-O 7. O-O Re8 8. Nc3
Nbd7 9. Rd1 Qe7 10. Bg5 h6 11. Bxf6 Nxf6 12. Rac1 Ne4 13. e3 f5 14. Ne2 Kh7 15.
Nf4 Qf6 16. Nd3 Rb8 17. Nfe5 Ng5 18. f4 Nf7 19. Nf3 Rg8 20. Qc3 Bd7 21. b4 g5
22. a4 Rg7 23. b5 dxc4 24. Qxc4 cxb5 25. axb5 Rc8 26. Qb3 Bb8 27. Nde5 Rxc1 28.
Rxc1 Nxe5 29. Nxe5 gxf4 30. Nxd7 Rxd7 31. gxf4 Rg7 32. Kh1 Qh4 33. Qxe6 Qg4 34.
Qd5 Bc7 35. Qf3 Qg6 36. Bh3 Rf7 37. Rg1 Qe6 38. Qg2 Qe4 39. Bxf5+ Qxf5 40. Qg8#
1-0

[Event "EU-ch Internet qual"]
[Site "playchess.com INT"]
[Date "2003.11.08"]
[Round "5"]
[White "Wirig, Anthony"]
[Black "Kharlov, Andrei"]
[Result "1/2-1/2"]
[WhiteElo "2422"]
[BlackElo "2591"]
[PlyCount "32"]
[EventDate "2003.11.08"]
[EventType "swiss (blitz)"]
[EventRounds "15"]
[EventCountry "GER"]
[SourceTitle "EXT 2004"]
[Source "ChessBase"]
[SourceDate "2003.11.25"]
[SourceVersion "1"]
[SourceVersionDate "2003.11.25"]
[SourceQuality "1"]

1. d4 d5 2. Nf3 Nf6 3. Bf4 c5 4. c3 Qb6 5. Qb3 Nc6 6. Nbd2 cxd4 7. Qxb6 axb6 8.
Nxd4 Nxd4 9. cxd4 e6 10. e3 Bd7 11. Bd3 Bb4 12. Ke2 Ke7 13. Rhc1 Rhc8 14. a3
Bd6 15. Bxd6+ Kxd6 16. f4 h6 1/2-1/2

[Event "EU-ch Internet qual"]
[Site "playchess.com INT"]
[Date "2003.11.08"]
[Round "7"]
[White "Shaposhnikov, Evgeny"]
[Black "Kharlov, Andrei"]
[Result "1-0"]
[WhiteElo "2566"]
[BlackElo "2591"]
[PlyCount "57"]
[EventDate "2003.11.08"]
[EventType "swiss (blitz)"]
[EventRounds "15"]
[EventCountry "GER"]
[SourceTitle "EXT 2004"]
[Source "ChessBase"]
[SourceDate "2003.11.25"]
[SourceVersion "1"]
[SourceVersionDate "2003.11.25"]
[SourceQuality "1"]

1. e4 e5 2. Bc4 d6 3. Nf3 Be7 4. d4 exd4 5. Nxd4 Nf6 6. Nc3 O-O 7. O-O c6 8.
Bf4 b5 9. Bd3 a6 10. Re1 c5 11. Nf3 Bb7 12. a3 Nbd7 13. Bf1 Nb6 14. Qd3 d5 15.
exd5 Nfxd5 16. Nxd5 Nxd5 17. Be5 Re8 18. c4 bxc4 19. Qxc4 Qb6 20. Rad1 Rad8 21.
Bg3 Qxb2 22. Rb1 Qxa3 23. Rxb7 h6 24. Rd1 Ne3 25. Rxd8 Nxc4 26. Rxe8+ Kh7 27.
Rexe7 Na5 28. Rbc7 c4 29. Rxf7 1-0